| 000 | 00589nam a22001697a 4500 | ||
|---|---|---|---|
| 005 | 20260303145434.0 | ||
| 008 | 260303b |||||||| |||| 00| 0 eng d | ||
| 020 | _a9789387791312 | ||
| 040 | _cVITAP | ||
| 082 |
_223 _a294.5921 BEH |
||
| 100 |
_aBehl, Benoy K. _917186 |
||
| 245 |
_aHindu Deities Worshipped In Japan _c/ Benoy K Behl |
||
| 260 |
_aChennai _bTHG Publishing Group Pvt. Ltd. |
||
| 300 | _a211p, ill.: 29cm | ||
| 650 | 0 |
_aIndo-Japanese Cultural Links, Major Hindu Deities in Japan, Temples and Worship Practices in Japan, Religious Syncretism etc. _917187 |
|
| 942 |
_2ddc _cREF |
||
| 999 |
_c47319 _d47319 |
||